00418nam a2200145Ia 4500020000900000082002700009100001900036245005000055260004000105300001000145500002600155526003700181650003400218700002000252 a(hb) a297.64bNUMcL-31,P38. aShibli Nu'Mani aOmar the great:b(the second caliph of Islam) aLahore:bSh. Muhammad Ashraf,c1966 a295p. aLibrary has 2 volumes a0b0c0d297_640000000000000_NUM aUmar (R.A.), Caliph, 583-644. aKhan, Zafar Ali